000 00290cam a22000977a 4500
008 180718b1960 xxu||||| |||| 00| 0 eng d
082 _aT15x42 Un3p
245 _aInterim report of the committee on consumer protection
260 _aLondon
_bHer Majesty's Stationery Office
_c1960
300 _a15p
999 _c421070
_d421070